• 首页
  • 本馆介绍
  • 公告通知
  • 最新文献
  • 馆藏检索
  • 电子资源
  • 读者导购
  • 参考咨询
  • 我的图书馆
  • 登录
  • 详细信息显示
  • 放入我的书架
  • 预约/预借图书
  • 作者相关作品
  • 分类相关作品
  • 丛书相关作品
  • 出版社相关作品

书目信息

  • 表格格式
  • 工作单格式
  • 卡片格式
题名:
金毛熊复仇
    
 
作者: 户川幸夫 著 ;石田武雄 , 高培明 绘
分册:  
出版信息: 武汉   长江少年儿童出版社  2017
页数: 196页
开本: 19cm
丛书名:
单 册:
中图分类: I313.84
科图分类:
主题词: 儿童小说--er tong xiao shuo--短篇小说--小说集--日本--现代
电子资源:
ISBN: 978-7-5560-4497-9
000 01207nam0 22002651 450
001 0127144048
005 20170427144048.0
010    @a978-7-5560-4497-9@dCNY18.00
100    @a20170207d2017 em y0chiy50 ea
101 1  @achi@cjpn
102    @aCN@b420000
105    @aa z 000ay
106    @ar
200 1  @a金毛熊复仇@Ajin mao xiong fu chou@f(日)户川幸夫著@g(日)石田武雄绘@g高培明译
210    @a武汉@c长江少年儿童出版社@d2017
215    @a196页@c图@d19cm
300    @a户川幸夫动物小说
330    @a本书包括《小鹰物语》《雪崩来了》和《狐狸阿坤》三个故事。《小鹰物语》与《狐狸阿坤》是关于作者家里饲养的鹰和狐狸的故事。被看作家庭成员的小鹰噼哟和狐狸阿坤刚来时并不适应,后来慢慢和主人之间产生了浓厚的感情,但最终都身患重病而离世;《雪崩来了》描写的是居住在龙神岳群山里的金毛熊的故事。因为母亲被人类残忍杀害,金毛熊走上了针对人类的复仇之路,凄惨的故事启发读者思考人与自然的相处之道。
606 0  @a儿童小说@Aer tong xiao shuo@x短篇小说@x小说集@x日本@z现代
690    @aI313.84@v5
701  0 @c(日)@a户川幸夫@Ahu chuan xing fu@4著
702  0 @c(日)@a石田武雄@Ashi tian wu xiong@4绘
702  0 @a高培明@Agao pei ming@4译
801  0 @aCN@bTANGWEI@c20170308
905    @b0966467-70@dI313.84@e400@f4
    
    金毛熊复仇/(日)户川幸夫著/(日)石田武雄绘/高培明译.-武汉:长江少年儿童出版社,2017
    196页:图;19cm
    户川幸夫动物小说
    
    ISBN 978-7-5560-4497-9:CNY18.00
    本书包括《小鹰物语》《雪崩来了》和《狐狸阿坤》三个故事。《小鹰物语》与《狐狸阿坤》是关于作者家里饲养的鹰和狐狸的故事。被看作家庭成员的小鹰噼哟和狐狸阿坤刚来时并不适应,后来慢慢和主人之间产生了浓厚的感情,但最终都身患重病而离世;《雪崩来了》描写的是居住在龙神岳群山里的金毛熊的故事。因为母亲被人类残忍杀害,金毛熊走上了针对人类的复仇之路,凄惨的故事启发读者思考人与自然的相处之道。
●
相关链接 在E读中查询图书 在五车中查询图书 在当当中查询图书 在豆瓣中查询图书


正题名:金毛熊复仇     索取号:I313.84/400         预约/预借

序号 登录号 条形码 馆藏地/架位号 状态 备注
1 0966467   209664674   第一样本阅览室/ [索取号:I313.84/400] 在馆    
2 0966468   209664683   第二借阅区/ [索取号:I313.84/400] 在馆    
3 0966469   209664692   第二借阅区/ [索取号:I313.84/400] 在馆    
4 0966470   209664709   第二借阅区/ [索取号:I313.84/400] 在馆    
唐山师范学院图书馆 欢迎您!
大连网信软件有限公司© 版权所有